मोहम्मद उस्मान आरिफ़ ज़िन्दगी की धड़कने / (Record no. 212742)
[ view plain ]
| 000 -LEADER | |
|---|---|
| fixed length control field | 00855nam a22001937a 4500 |
| 005 - DATE AND TIME OF LATEST TRANSACTION | |
| control field | 20250731113122.0 |
| 010 ## - LCCN (DPL NO) | |
| LC control number | HIN-130075 |
| 020 ## - INTERNATIONAL STANDARD BOOK NUMBER | |
| Terms of availability | 225.00 |
| International Standard Book Number | 9789383602155 |
| 035 ## - SYSTEM CONTROL NUMBER | |
| System control number | HN-102421 |
| 037 ## - SOURCE OF ACQUISITION | |
| Source of stock number/acquisition | DBAD |
| 082 ## - DEWEY DECIMAL CLASSIFICATION NUMBER | |
| Classification number | 821.08 |
| 100 ## - MAIN ENTRY--PERSONAL NAME | |
| Personal name | केवलिया मदन |
| 245 ## - TITLE STATEMENT | |
| Title | मोहम्मद उस्मान आरिफ़ ज़िन्दगी की धड़कने / |
| Remainder of title | मदन केवलिया |
| 260 ## - PUBLICATION, DISTRIBUTION, ETC. (IMPRINT) | |
| Place of publication, distribution, etc | बीकानेर |
| Name of publisher, distributor, etc | सोशल प्रोग्रेसिव सोसाइटी |
| 270 ## - ADDRESS | |
| Address | जैनब कॉटेज , बड़ी कर्बला मार्ग , चौखूंटी , बीकानेर -334001 |
| 300 ## - PHYSICAL DESCRIPTION | |
| Extent | 176पृ. |
| Dimensions | 21.4सेमी (अजिल्द) |
| 700 ## - ADDED ENTRY--PERSONAL NAME | |
| 9 (RLIN) | 83490 |
| 942 ## - ADDED ENTRY ELEMENTS (KOHA) | |
| Source of classification or shelving scheme | Dewey Decimal Classification |
| Item type | Hindi Books |
| Classification part | 821.08 |
| Call number suffix | केवलि |
| Withdrawn status | Lost status | Not for loan | Collection code | Home library | Current library | Date acquired | Source of acquisition | Cost, normal purchase price | Full call number | Barcode | Copy number | Cost, replacement price | Koha item type |
|---|---|---|---|---|---|---|---|---|---|---|---|---|---|
| Non-fiction | Sarojini Nagar | Sarojini Nagar | 31/07/2025 | DBAD | 225.00 | 821.08 केवलि | HN-102421 | 1 | 225.00 | Hindi Books |
